Statistiques concernant Maillots NBA les plus vendus saison 2023-2024

Cliquez ici pour prendre le quiz!

Statistiques générales

  • Ce quiz a été pris 411 fois
  • Le résultat moyen est 11 sur 15

Statistiques - réponses

ClassementJoueurs% Correct
3Lebron James
99%
1Stephen Curry
97%
14Nikola Jokic
88%
6Luka Doncic
87%
4Victor Wembanyama
86%
8Kevin Durant
85%
5Giannis Antetokounmpo
82%
2Jayson Tatum
79%
12Joël Embiid
78%
7Devin Booker
66%
11Ja Morant
58%
10Damian Lillard
54%
13Lamelo Ball
45%
15De'Aaron Fox
33%
9Tyrese Maxey
28%

Distribution des résultats

Percentile par nombre de réponses

% des personnes avec chaque résultat

Votre développement - résultats

Vous n’avez pas pris ce quiz